000
00320nam a2200145Ia 4500
001
R-1216
003
CODICE-MESSINA
005
20260212102504.0
008
260211s9999 xx 000 0 und d
040
_c
importazione_messina
100
_a
Ayaa Hirsi
245
0
_a
Infedele
260
_b
Rizzoli
942
_2
ddc
_c
BK
999
_c
27716
_d
27716